000 00744nam a2200193 i 4500
001 79412
003 ES-MaACL
005 20250728063124.0
007 t|
008 041021s1932 sp ||||1| spa d
100 1 _aHernández-Pacheco, Eduardo,
_d1872-1965
_963012
245 1 0 _aGuía de la caverna prehistórica de la Peña Candamo /
_cEduardo Hernández-Pacheco.
260 _a[Madrid :
_bs.n.,
_c1932] (
_fJosé Molina)
300 _a23 p., [1] h. pleg. :
_bil. ;
_c20 cm.
650 4 _aArte prehistórico-
_zAsturias (Comunidad Autónoma)
_910271
651 4 _aCueva de la Peña (Asturias)
_9159309
852 _aES-MaACL
_j1749-F-16
_z.- Donat. de Eduardo Hernández-Pacheco, en anotación manuscrita
999 _c79412
_d79412